| 000 | 00400nam a22001697a 4500 | ||
|---|---|---|---|
| 999 |
_c4952 _d4950 |
||
| 005 | 20220822124326.0 | ||
| 008 | 160630b xxu||||| |||| 00| 0 eng d | ||
| 020 | _a81-219-9369-7 | ||
| 041 | _aeng | ||
| 082 | _b19919 | ||
| 100 |
_a Alex Dr K _93304 |
||
| 245 | _aManagirial Skills | ||
| 260 |
_aNew Delhi _bSultan Chand & Sons, _c2013 |
||
| 300 | _a181 | ||
| 650 |
_amanagement _9241 |
||
| 942 | _cBK | ||